000 00802 a2200253 4500
003 CBULib
005 20250128081005.0
008 250127b |||||||| |||| 00| 0 eng d
020 _a9781409441113
040 _bEnglish
_cCBULib
_erda
050 _aMT1.P76 Pro
100 _aGeorgii-Hemming, Eva
245 _aProfessional knowledge in music teacher education
_c/ edited by Eva Georgii-Hemming
260 _bAshgate,
_c2013
_aLondon :
300 _axviii, 220 pages : illustrations
336 _2rdacontent
_aText |
_btxt
337 _2rdamedia
_aUnmediated |
_bn
338 _2rdacarrier
_aVolume
_bnc
500 _aIncludes index
650 0 _94274
_aMUSIC - INSTRUCTION AND STUDY
700 _94283
_aBurnad, Pamela
_eeditor
700 _94284
_aHolgersen, Sven-erik
_eeditor
942 _2lcc
_c002
999 _c85924
_d85924